[Event "New York Marshall/Enhance"]
[Site "New York USA"]
[Date "1994.??.??"]
[Round "2"]
[White "Friedman, Aviv"]
[Black "Hebert, Jean"]
[Result "1/2-1/2"]
[WhiteElo "2320"]
[BlackElo "2395"]
[PlyCount "43"]
[GameId "2129405190978586"]
[EventDate "1994.??.??"]
[EventType "tourn"]
[EventRounds "5"]
[EventCountry "USA"]
[SourceTitle "EXT 94"]

1. e4 e6 2. d4 d5 3. exd5 exd5 4. c4 Nf6 5. Nc3 Bb4 6. Bd3 O-O 7. Nge2 dxc4 8. Bxc4 Nbd7 9. O-O Nb6 10. Bb3 c6 11. Bg5 Be7 12. Re1 Nfd5 13. Bxe7 Nxe7 14. Nf4 Bf5 15. d5 cxd5 16. Ncxd5 Nbxd5 17. Nxd5 Nxd5 18. Qxd5 Qxd5 19. Bxd5 Rfd8 20. Bxb7 Rab8 21. Re7 Rd7 22. Rxd7 1/2-1/2

[Event "New York Marshall/Enhance"]
[Site "New York USA"]
[Date "1994.??.??"]
[Round "3"]
[White "Ashley, Maurice"]
[Black "Hebert, Jean"]
[Result "1/2-1/2"]
[WhiteElo "2475"]
[BlackElo "2395"]
[PlyCount "64"]
[GameId "2129405190978595"]
[EventDate "1994.??.??"]
[EventType "tourn"]
[EventRounds "5"]
[EventCountry "USA"]
[SourceTitle "EXT 94"]

1. e4 e6 2. d4 d5 3. exd5 exd5 4. c4 Nf6 5. Nc3 Bb4 6. Bd3 O-O 7. Nge2 dxc4 8. Bxc4 Nbd7 9. O-O Nb6 10. Bb3 c5 11. Qd3 Bg4 12. Bg5 Re8 13. f3 Be6 14. Bxe6 Rxe6 15. Ne4 c4 16. Qc2 Be7 17. Nf4 Rc6 18. Bxf6 Bxf6 19. Rad1 Nd5 20. Nxd5 Qxd5 21. Kh1 Rd8 22. Rfe1 Re6 23. Nxf6+ gxf6 24. Re4 Rde8 25. Rxe6 Rxe6 26. Qf2 a6 27. h3 b5 28. a3 Kf8 29. Qh4 h5 30. Qf4 Kg7 31. h4 Re2 32. Rd2 Re6 1/2-1/2

[Event "New York Marshall/Enhance"]
[Site "New York USA"]
[Date "1994.??.??"]
[Round "3"]
[White "Hebert, Jean"]
[Black "Remlinger, Larry"]
[Result "1-0"]
[WhiteElo "2395"]
[BlackElo "2455"]
[PlyCount "79"]
[GameId "2129405190978598"]
[EventDate "1994.??.??"]
[EventType "tourn"]
[EventRounds "5"]
[EventCountry "USA"]
[SourceTitle "EXT 94"]

1. d4 Nf6 2. c4 g6 3. Nc3 Bg7 4. e4 d6 5. Be2 O-O 6. Nf3 e5 7. Be3 exd4 8. Nxd4 Re8 9. f3 c6 10. Bf2 Nh5 11. Qd2 Be5 12. g3 Ng7 13. f4 Bf6 14. O-O Bh3 15. Rfe1 Qc8 16. Bf3 Na6 17. Rad1 Bg4 18. e5 Bxf3 19. Nxf3 dxe5 20. fxe5 Be7 21. Ne4 Qg4 22. Qf4 h5 23. Nfg5 Qxf4 24. gxf4 Bxg5 25. Nxg5 Re7 26. Ne4 Nf5 27. Re2 b6 28. Red2 Nc7 29. Kg2 Ne6 30. Kf3 c5 31. Nf6+ Kf8 32. Ke4 Ned4 33. Bxd4 Nxd4 34. b4 Ne6 35. Nd7+ Ke8 36. Nf6+ Kf8 37. f5 gxf5+ 38. Kxf5 Nd4+ 39. Rxd4 cxd4 40. Rg1 1-0

[Event "New York Marshall/Enhance"]
[Site "New York USA"]
[Date "1994.??.??"]
[Round "5"]
[White "London, Dimitri"]
[Black "Hebert, Jean"]
[Result "1/2-1/2"]
[WhiteElo "2400"]
[BlackElo "2395"]
[PlyCount "106"]
[GameId "2129405190978619"]
[EventDate "1994.??.??"]
[EventType "tourn"]
[EventRounds "5"]
[EventCountry "USA"]
[SourceTitle "EXT 94"]

1. e4 c5 2. Nf3 Nc6 3. d4 cxd4 4. Nxd4 e5 5. Nb5 d6 6. c4 Be7 7. N1c3 a6 8. Na3 Be6 9. Nc2 Rc8 10. Ne3 Bg5 11. Bd3 g6 12. O-O Nf6 13. g3 Bxe3 14. Bxe3 Ng4 15. Bd2 h5 16. h4 f5 17. Bg5 Qb6 18. Nd5 Bxd5 19. cxd5 Nd4 20. Qa4+ Nb5 21. exf5 O-O 22. f6 Nxf6 23. Be3 Nd4 24. Bxg6 Qxb2 25. Rab1 Nf3+ 26. Kg2 Qe2 27. Qd1 Qxd1 28. Rfxd1 Ng4 29. Ba7 Nd4 30. Bxd4 exd4 31. Rb2 Rxf2+ 32. Rxf2 Ne3+ 33. Kh3 Nxd1 34. Rd2 Ne3 35. Bxh5 Rc2 36. Rxd4 Rxa2 37. Rf4 Ra3 38. Bf7+ Kg7 39. Be6 Kg6 40. Rf8 b5 41. Rg8+ Kh6 42. Bf7 Kh7 43. h5 Nf5 44. Rg5 Ne7 45. Rg4 Ra4 46. Be8 Rxg4 47. Kxg4 b4 48. Kg5 b3 49. Ba4 b2 50. Bc2+ Kh8 51. Kf6 Nxd5+ 52. Ke6 Ne3 53. Bd3 Kg7 1/2-1/2

[Event "New York Marshall/Enhance"]
[Site "New York USA"]
[Date "1994.??.??"]
[Round "5"]
[White "Zlotnikov, Mikhail"]
[Black "Hebert, Jean"]
[Result "1/2-1/2"]
[WhiteElo "2390"]
[BlackElo "2395"]
[PlyCount "93"]
[GameId "2129405190978624"]
[EventDate "1994.??.??"]
[EventType "tourn"]
[EventRounds "5"]
[EventCountry "USA"]
[SourceTitle "EXT 94"]

1. c4 e5 2. Nc3 Bb4 3. Qc2 Nc6 4. Nf3 d6 5. a3 Bc5 6. b4 Bb6 7. e3 Nf6 8. Be2 O-O 9. O-O Bg4 10. Bb2 a5 11. b5 Nb8 12. d4 Nbd7 13. Rad1 exd4 14. exd4 Re8 15. Rfe1 Qe7 16. Kf1 Qf8 17. Nh4 g6 18. Bxg4 Nxg4 19. Nf3 Ngf6 20. Na4 Ba7 21. Bc3 Rxe1+ 22. Rxe1 Bb8 23. Qb3 Qc8 24. d5 Ba7 25. h3 Nh5 26. Bb2 Qf8 27. Qc3 f6 28. Nd4 Bxd4 29. Qxd4 b6 30. Nc3 Re8 31. Ne4 Re5 32. Qd2 Re7 33. g4 Ng7 34. Qc3 Rf7 35. Re2 h6 36. Ng3 Re7 37. Qd2 Rxe2 38. Nxe2 Qe8 39. Qxh6 Qe4 40. Qf4 Qd3 41. Ke1 g5 42. Qe3 Qxc4 43. Qe7 Qxb5 44. Bxf6 Nxf6 45. Qxf6 Qxd5 46. Qd8+ Kh7 47. Qxc7 1/2-1/2

[Event "World op"]
[Site "Philadelphia USA"]
[Date "1994.??.??"]
[Round "?"]
[White "Hebert, Jean"]
[Black "Minasian, Artashes"]
[Result "0-1"]
[WhiteElo "2395"]
[BlackElo "2545"]
[PlyCount "100"]
[GameId "2129405191941044"]
[EventDate "1994.??.??"]
[EventType "swiss"]
[EventRounds "9"]
[EventCountry "USA"]
[SourceTitle "EXT 94op"]

1. d4 Nf6 2. c4 c5 3. e3 g6 4. Nf3 Bg7 5. Nc3 O-O 6. h3 d6 7. Bd3 Nbd7 8. O-O b6 9. d5 a6 10. e4 Ne8 11. Nh2 Nc7 12. Bg5 h6 13. Be3 e5 14. Qd2 Kh7 15. Ng4 h5 16. Nh2 Ne8 17. a4 Nef6 18. Nf3 Kg8 19. Bg5 Qc7 20. Ne1 Nh7 21. Be3 Qd8 22. g3 Ra7 23. f4 exf4 24. gxf4 Re8 25. Nf3 Ndf8 26. Kh2 Rae7 27. Rae1 Nd7 28. Bf2 Bh6 29. Bh4 f6 30. Rg1 Rg7 31. Bg3 Ne5 32. Qd1 Nxd3 33. Qxd3 Qd7 34. Qf1 Rf8 35. Nh4 Qd8 36. f5 g5 37. Ng6 h4 38. Bf2 Re8 39. Be3 Rxg6 40. fxg6 Nf8 41. b4 Nxg6 42. bxc5 bxc5 43. Rb1 Bg7 44. Rb8 Qc7 45. Rb3 Qd7 46. Bd2 Ne5 47. Rb8 Rf8 48. Nd1 f5 49. Bxg5 fxe4 50. Nf2 Rxf2+ 0-1

[Event "World op"]
[Site "Philadelphia USA"]
[Date "1994.??.??"]
[Round "?"]
[White "Hebert, Jean"]
[Black "Orlov, Georgi"]
[Result "1/2-1/2"]
[WhiteElo "2395"]
[BlackElo "2515"]
[PlyCount "107"]
[GameId "2129405191941045"]
[EventDate "1994.??.??"]
[EventType "swiss"]
[EventRounds "9"]
[EventCountry "USA"]
[SourceTitle "EXT 94op"]

1. d4 Nf6 2. c4 Nc6 3. Nf3 e6 4. a3 d5 5. Nc3 a6 6. cxd5 exd5 7. g3 g6 8. Ne5 Ne7 9. Bg2 Bg7 10. O-O O-O 11. Bg5 h6 12. Bxf6 Bxf6 13. e3 Bg7 14. Qb3 c6 15. Rad1 Qc7 16. Nd3 Nf5 17. Nf4 Kh8 18. Na4 Nd6 19. Nb6 Rb8 20. a4 Re8 21. Rfe1 Bf5 22. Bf1 h5 23. h4 Ne4 24. Kg2 Bh6 25. f3 Nd6 26. Kf2 Qd8 27. Bg2 Kg8 28. Rh1 Kg7 29. a5 Nb5 30. Bf1 Nc7 31. Qc3 Kg8 32. Na4 Ne6 33. b4 Nxf4 34. exf4 Qf6 35. Bd3 Bg7 36. Bxf5 Qxf5 37. Qd3 Qf6 38. Nc5 Re7 39. Rhe1 Rbe8 40. Re5 Qd6 41. Rde1 Bxe5 42. dxe5 Qd8 43. e6 b6 44. axb6 Qxb6 45. f5 Qxb4 46. Nd7 Qxe1+ 47. Kxe1 Rxd7 48. g4 Rde7 49. Kf2 hxg4 50. fxg4 gxf5 51. gxf5 fxe6 52. f6 Rf8 53. Qg6+ Kh8 54. Qh6+ 1/2-1/2

[Event "New York op"]
[Site "New York USA"]
[Date "1989.??.??"]
[Round "2"]
[White "Hebert, Jean"]
[Black "Gufeld, Eduard"]
[Result "0-1"]
[WhiteElo "2420"]
[BlackElo "2490"]
[PlyCount "90"]
[GameId "2129405204377510"]
[EventDate "1989.03.23"]
[EventType "swiss"]
[EventRounds "9"]
[EventCountry "USA"]
[SourceTitle "CBM 12"]

1. d4 Nf6 2. Nf3 g6 3. c4 Bg7 4. Nc3 O-O 5. e4 d6 6. Be2 e5 7. dxe5 dxe5 8. Qxd8 Rxd8 9. Bg5 Re8 10. O-O-O Na6 11. Ne1 c6 12. Nc2 Nc5 13. f3 a5 14. b3 Nfd7 15. Be3 Bf8 16. Kb2 Nb6 17. h4 Be6 18. h5 Red8 19. hxg6 fxg6 20. Bg5 Rxd1 21. Rxd1 Kf7 22. Be3 Be7 23. g3 h5 24. f4 exf4 25. gxf4 Rh8 26. Nd4 Bg4 27. Nf3 Nbd7 28. Bd4 Rf8 29. Be3 Ke8 30. Nd4 Bxe2 31. Ndxe2 Nf6 32. e5 Ng4 33. Bxc5 Bxc5 34. Ne4 Be3 35. Rd6 Bxf4 36. Re6+ Kd8 37. Nxf4 Rxf4 38. Nc5 b6 39. Nd3 Rf3 40. Kc2 g5 41. Rg6 Rg3 42. Rg8+ Ke7 43. Kd2 h4 44. Rg7+ Kf8 45. Rxg5 h3 0-1

[Event "New York op"]
[Site "New York USA"]
[Date "1989.??.??"]
[Round "3"]
[White "Ivanov, Alexander"]
[Black "Hebert, Jean"]
[Result "1-0"]
[WhiteElo "2470"]
[BlackElo "2420"]
[PlyCount "61"]
[GameId "2129405204377554"]
[EventDate "1989.03.23"]
[EventType "swiss"]
[EventRounds "9"]
[EventCountry "USA"]
[SourceTitle "CBM 12"]

1. e4 e6 2. d4 d5 3. Nd2 c5 4. exd5 Qxd5 5. Ngf3 cxd4 6. Bc4 Qd6 7. O-O Nf6 8. Nb3 Nc6 9. Nbxd4 Nxd4 10. Nxd4 Bd7 11. c3 Qc7 12. Qe2 Bd6 13. Nb5 Bxb5 14. Bxb5+ Ke7 15. g3 h5 16. h4 Rac8 17. Bg5 Qb6 18. Rad1 Rc5 19. Ba4 Ra5 20. Rd4 Re5 21. Qd3 Rd8 22. Rd1 Rf5 23. b4 a5 24. a3 axb4 25. axb4 g6 26. Bc2 Rxg5 27. hxg5 Ng4 28. Qf3 Qb5 29. Rxg4 hxg4 30. Qf6+ Ke8 31. Bxg6 1-0

[Event "New York op"]
[Site "New York USA"]
[Date "1989.??.??"]
[Round "5"]
[White "Suba, Mihai"]
[Black "Hebert, Jean"]
[Result "1-0"]
[WhiteElo "2515"]
[BlackElo "2420"]
[PlyCount "120"]
[GameId "2129405204381764"]
[EventDate "1989.03.23"]
[EventType "swiss"]
[EventRounds "9"]
[EventCountry "USA"]
[SourceTitle "CBM 12"]

1. d4 Nf6 2. c4 e6 3. g3 Bb4+ 4. Bd2 c5 5. Bg2 O-O 6. Nf3 Nc6 7. O-O d6 8. Bxb4 cxb4 9. a3 Qb6 10. axb4 Qxb4 11. b3 Bd7 12. e3 Rfd8 13. Ne1 Qb6 14. Nd3 Nb4 15. Nc3 Nxd3 16. Qxd3 Rac8 17. Rfb1 a5 18. h3 Bc6 19. e4 e5 20. d5 Be8 21. Qd2 Qb4 22. Qe3 Ra8 23. Na2 Qc5 24. Qxc5 dxc5 25. f4 Nd7 26. Nc1 f6 27. Nd3 b6 28. h4 Bg6 29. Re1 Re8 30. Bh3 Nf8 31. fxe5 fxe5 32. Kf2 Ra7 33. Ke3 Rf7 34. Rf1 Rf6 35. Bf5 Bxf5 36. exf5 h5 37. Rae1 Nd7 38. Kd2 Kf7 39. Nb2 Ke7 40. Re4 Ref8 41. g4 hxg4 42. Rxg4 g6 43. Nd1 gxf5 44. Rg5 f4 45. Nf2 Rf5 46. Rfg1 Rxg5 47. Rxg5 Rf7 48. h5 b5 49. cxb5 Kd6 50. h6 Nf6 51. Rg7 Rf8 52. h7 Rh8 53. Kd3 Kxd5 54. b6 Nxh7 55. Ne4 Kc6 56. Rg6+ Kb5 57. b7 Rb8 58. Nc3+ Kb4 59. Rb6+ Ka3 60. Kc2 a4 1-0

[Event "New York op"]
[Site "New York USA"]
[Date "1989.??.??"]
[Round "6"]
[White "Hebert, Jean"]
[Black "Burger, Karl"]
[Result "0-1"]
[WhiteElo "2420"]
[BlackElo "2315"]
[PlyCount "88"]
[GameId "2129405204381793"]
[EventDate "1989.03.23"]
[EventType "swiss"]
[EventRounds "9"]
[EventCountry "USA"]
[SourceTitle "CBM 12"]

1. d4 d5 2. c4 e6 3. Nc3 Nf6 4. Bg5 Be7 5. Nf3 h6 6. Bxf6 Bxf6 7. e3 c6 8. Qc2 Nd7 9. O-O-O O-O 10. h4 g6 11. e4 dxe4 12. Nxe4 Bg7 13. c5 b6 14. Bc4 bxc5 15. dxc5 Rb8 16. Nd4 Qc7 17. g3 Rb4 18. a3 Rxc4 19. Qxc4 e5 20. Ne2 Nf6 21. Nxf6+ Bxf6 22. Rd6 Kg7 23. Rhd1 Be7 24. Qc3 f6 25. f4 exf4 26. Nxf4 Bxd6 27. Rxd6 Qf7 28. Rxc6 Bf5 29. b3 Qe7 30. Kb2 g5 31. hxg5 hxg5 32. a4 gxf4 33. gxf4 Qe4 34. Rc7+ Rf7 35. Rxf7+ Kxf7 36. Qd2 Qc6 37. Qa5 a6 38. Ka3 Be6 39. Qb4 Ke7 40. Qd4 Qd5 41. Qe3 Kd7 42. Kb4 Kc6 43. Qc3 f5 44. Ka5 Qxc5+ 0-1

[Event "New York op"]
[Site "New York USA"]
[Date "1989.??.??"]
[Round "8"]
[White "Pliester, Leon"]
[Black "Hebert, Jean"]
[Result "0-1"]
[WhiteElo "2385"]
[BlackElo "2420"]
[PlyCount "54"]
[GameId "2129405204381890"]
[EventDate "1989.03.23"]
[EventType "swiss"]
[EventRounds "9"]
[EventCountry "USA"]
[SourceTitle "CBM 12"]

1. d4 Nf6 2. c4 e6 3. Nc3 Bb4 4. e3 b6 5. Nge2 Ba6 6. Ng3 c5 7. d5 exd5 8. cxd5 Bxf1 9. Kxf1 O-O 10. e4 Re8 11. Qf3 d6 12. Bf4 c4 13. a3 Bc5 14. Nf5 g6 15. Nh6+ Kg7 16. g4 Nbd7 17. h4 Ng8 18. h5 Nxh6 19. hxg6 fxg6 20. Qh3 Kg8 21. Qxh6 Qe7 22. Kg2 Rf8 23. Rh3 Rxf4 24. Qxf4 Rf8 25. Qd2 Rxf2+ 26. Qxf2 Bxf2 27. Kxf2 Qg5 0-1

[Event "New York op"]
[Site "New York USA"]
[Date "1989.??.??"]
[Round "9"]
[White "Hebert, Jean"]
[Black "Stefansson, Hannes"]
[Result "1-0"]
[WhiteElo "2420"]
[BlackElo "2480"]
[PlyCount "97"]
[GameId "2129405204381918"]
[EventDate "1989.03.23"]
[EventType "swiss"]
[EventRounds "9"]
[EventCountry "USA"]
[SourceTitle "CBM 12"]

1. Nf3 Nf6 2. c4 b6 3. d4 e6 4. Nc3 Bb7 5. a3 d5 6. cxd5 Nxd5 7. Qc2 Be7 8. Bd2 O-O 9. e4 Nxc3 10. Bxc3 c5 11. dxc5 bxc5 12. Bc4 Nc6 13. O-O Qc7 14. Rad1 Rac8 15. b3 e5 16. Bd5 Nd4 17. Bxd4 exd4 18. Bxb7 Qxb7 19. Nd2 Rfd8 20. Qd3 Rb8 21. f4 Rd6 22. Rf3 Rb6 23. Rb1 a5 24. Nc4 Re6 25. Re1 Bh4 26. g3 Bd8 27. a4 f5 28. e5 g6 29. h3 h5 30. Re2 Bc7 31. g4 Kh8 32. gxf5 gxf5 33. Rg3 Rf8 34. Rg5 Rh6 35. Kh2 Qc8 36. Qf3 Qe8 37. Reg2 Qf7 38. Rg1 Bd8 39. Nd6 Qh7 40. Rg7 Qxg7 41. Rxg7 Kxg7 42. Qb7+ Kg8 43. Qd5+ Kg7 44. Qxc5 Rg6 45. Qc2 Kh8 46. Qd1 Kh7 47. Qxh5+ Rh6 48. Qd1 Rh4 49. Qxd4 1-0

[Event "Hastings 1984-85"]
[Site "Hastings ENG"]
[Date "1984.??.??"]
[Round "2"]
[White "Plaskett, Jim"]
[Black "Hebert, Jean"]
[Result "1-0"]
[WhiteElo "2470"]
[BlackElo "2395"]
[PlyCount "41"]
[GameId "2129405209887502"]
[EventDate "1984.12.??"]
[EventType "tourn"]
[EventRounds "13"]
[EventCountry "ENG"]

1. e4 c5 2. Nf3 e6 3. d4 cxd4 4. Nxd4 Nf6 5. Nc3 d6 6. g4 h6 7. h4 Nc6 8. Rg1 h5 9. gxh5 Nxh5 10. Bg5 Qb6 11. Nb3 a6 12. Qd2 Qc7 13. O-O-O b5 14. Bxb5 axb5 15. Nxb5 Qd7 16. Nc5 Rxa2 17. Kb1 Rxb2+ 18. Kxb2 Ne5 19. Nxd7 Nc4+ 20. Ka2 Nxd2 21. Nb6 1-0

[Event "Lloyds Bank op"]
[Site "London ENG"]
[Date "1983.08.24"]
[Round "1"]
[White "Hebert, Jean"]
[Black "Britton, Richard"]
[Result "0-1"]
[WhiteElo "2430"]
[BlackElo "2325"]
[PlyCount "66"]
[GameId "2129405210646201"]
[EventDate "1983.08.24"]
[EventType "swiss"]
[EventRounds "9"]
[EventCountry "ENG"]
[SourceTitle "EXT 2000"]
[Source "ChessBase"]
[SourceDate "1999.11.18"]
[SourceVersion "1"]
[SourceVersionDate "1999.11.18"]
[SourceQuality "1"]

1. e4 c5 2. Nf3 d6 3. Bb5+ Bd7 4. Bxd7+ Qxd7 5. c4 e5 6. Nc3 g6 7. d3 Bg7 8. Nd5 Ne7 9. h4 Nxd5 10. cxd5 h5 11. Bd2 Qb5 12. Qc2 Nd7 13. a4 Qb6 14. a5 Qd8 15. Bg5 Bf6 16. Qa4 Ke7 17. g3 Bxg5 18. Nxg5 Qc8 19. f4 b5 20. Qd1 f6 21. Ne6 Nf8 22. f5 gxf5 23. exf5 c4 24. d4 Nxe6 25. fxe6 Qg8 26. Kf2 Qg6 27. dxe5 fxe5 28. Qd2 Rhg8 29. Ra3 Raf8+ 30. Kg1 Rf4 31. Kh2 Rd4 32. Qg2 Rxh4+ 33. Kg1 Qb1+ 0-1

[Event "Lloyds Bank op"]
[Site "London ENG"]
[Date "1983.09.01"]
[Round "9"]
[White "Hebert, Jean"]
[Black "Levene, Mark"]
[Result "0-1"]
[WhiteElo "2430"]
[BlackElo "2205"]
[PlyCount "92"]
[GameId "2129405210646306"]
[EventDate "1983.08.24"]
[EventType "swiss"]
[EventRounds "9"]
[EventCountry "ENG"]
[SourceTitle "EXT 2000"]
[Source "ChessBase"]
[SourceDate "1999.11.18"]
[SourceVersion "1"]
[SourceVersionDate "1999.11.18"]
[SourceQuality "1"]

1. g3 Nf6 2. Bg2 d5 3. d3 c6 4. Nd2 Bg4 5. h3 Bh5 6. g4 Bg6 7. f4 e6 8. e4 Bc5 9. Qe2 O-O 10. Ngf3 dxe4 11. dxe4 Nbd7 12. Nh4 Bxe4 13. g5 Bxg2 14. Nxg2 Nd5 15. Ne4 Qb6 16. a3 Rad8 17. h4 a5 18. h5 Ne7 19. h6 g6 20. Ne3 Nf5 21. Nc4 Qc7 22. c3 Be7 23. Be3 b5 24. Ncd2 Nb6 25. Bxb6 Qxb6 26. Qf2 Qc7 27. O-O-O a4 28. Ng3 Nxg3 29. Qxg3 Rd5 30. Ne4 Rfd8 31. Kc2 c5 32. Rxd5 exd5 33. Nd2 b4 34. Re1 bxa3 35. bxa3 c4 36. Qe3 Bxa3 37. Qd4 Bf8 38. f5 Qg3 39. Rf1 Qxg5 40. fxg6 Qxg6+ 41. Kd1 Bxh6 42. Rg1 Bg5 43. Qa7 Kh8 44. Qxa4 Qh5+ 45. Kc2 Bxd2 46. Qa7 Bg5 0-1

[Event "Olympiad"]
[Site "La Valletta MLT"]
[Date "1980.11.30"]
[Round "10"]
[White "Hebert, Jean"]
[Black "Hug, Silke"]
[Result "1/2-1/2"]
[WhiteElo "2360"]
[BlackElo "2455"]
[PlyCount "28"]
[GameId "2129405212686314"]
[EventDate "1980.11.20"]
[EventType "team"]
[EventRounds "14"]
[EventCountry "MLT"]

1. e4 e6 2. d3 d5 3. Nd2 Nf6 4. Ngf3 b6 5. g3 Bb7 6. Bg2 Be7 7. O-O c5 8. e5 Nfd7 9. c4 O-O 10. Re1 Qc7 11. Nf1 dxc4 12. dxc4 Rd8 13. Bf4 Nc6 14. Qe2 Nd4 1/2-1/2

[Event "Olympiad"]
[Site "La Valletta MLT"]
[Date "1980.12.04"]
[Round "13"]
[White "Hebert, Jean"]
[Black "Adhami, Vangiel"]
[Result "1-0"]
[WhiteElo "2360"]
[BlackElo "2335"]
[PlyCount "83"]
[GameId "2129405212752341"]
[EventDate "1980.11.20"]
[EventType "team"]
[EventRounds "14"]
[EventCountry "MLT"]

1. e4 c5 2. Nf3 e6 3. c3 Nf6 4. e5 Nd5 5. d4 cxd4 6. cxd4 d6 7. a3 Nc6 8. Bd3 Be7 9. Qe2 b6 10. O-O Bb7 11. b4 Qd7 12. Bd2 O-O 13. Re1 Rfd8 14. Be4 dxe5 15. dxe5 Rac8 16. h4 Qc7 17. h5 Nb8 18. Ng5 Bxg5 19. Bxg5 Re8 20. Qg4 Kh8 21. Bxd5 Bxd5 22. h6 Qc4 23. Qg3 g6 24. Nd2 Qc2 25. Nf1 Nd7 26. Ne3 Qc7 27. Qf4 Kg8 28. Ng4 f5 29. Rac1 Qb8 30. Rxc8 Rxc8 31. Ne3 Qb7 32. Rd1 Re8 33. Qd4 a6 34. Nc4 Qc6 35. Nd6 Ra8 36. Rc1 Qa4 37. f3 a5 38. Rc7 axb4 39. Kh2 Rf8 40. axb4 Qa2 41. Rxd7 Bxf3 42. Rg7+ 1-0

[Event "Biel"]
[Site "Biel SUI"]
[Date "1980.07.19"]
[Round "1"]
[White "Hebert, Jean"]
[Black "Farron, Malcolm"]
[Result "0-1"]
[WhiteElo "2360"]
[BlackElo "2200"]
[PlyCount "96"]
[GameId "2129405212892039"]
[EventDate "1980.07.??"]
[EventType "tourn"]
[EventRounds "11"]
[EventCountry "SUI"]
[SourceTitle "EXT 1999"]
[Source "ChessBase"]
[SourceDate "1998.11.10"]
[SourceVersion "1"]
[SourceVersionDate "1998.11.10"]
[SourceQuality "1"]

1. Nf3 Nf6 2. c4 e6 3. g3 Be7 4. Bg2 O-O 5. O-O d5 6. b3 Nbd7 7. Bb2 b6 8. e3 Ba6 9. Qe2 c5 10. Nc3 Rc8 11. d3 Bb7 12. Rae1 a6 13. e4 dxe4 14. dxe4 Qc7 15. e5 Ng4 16. Nb1 Nh6 17. Nbd2 b5 18. h3 bxc4 19. Nxc4 Nf5 20. g4 Bxf3 21. Qxf3 Nh4 22. Qe4 Nxg2 23. Kxg2 Nb6 24. Rc1 Rfd8 25. Nxb6 Qxb6 26. Rfd1 h6 27. Qe2 Rd5 28. Rxd5 exd5 29. f4 Qb5 30. Qf3 Qa5 31. Rc2 c4 32. bxc4 Rxc4 33. Re2 Re4 34. Kg3 Qxa2 35. Rxe4 dxe4 36. Qc3 Qd5 37. e6 f6 38. Qc8+ Kh7 39. Qc2 Qxe6 40. Bd4 Qd5 41. Be3 Bb4 42. Qc8 a5 43. Kf2 a4 44. h4 Bd2 45. Qa6 Bxe3+ 46. Kxe3 Qd3+ 47. Qxd3 exd3 48. Kxd3 h5 0-1

[Event "Biel"]
[Site "Biel SUI"]
[Date "1980.07.20"]
[Round "2"]
[White "Franzoni, Giancarlo"]
[Black "Hebert, Jean"]
[Result "1-0"]
[WhiteElo "2200"]
[BlackElo "2360"]
[PlyCount "69"]
[GameId "2129405212892041"]
[EventDate "1980.07.??"]
[EventType "tourn"]
[EventRounds "11"]
[EventCountry "SUI"]
[SourceTitle "EXT 1999"]
[Source "ChessBase"]
[SourceDate "1998.11.10"]
[SourceVersion "1"]
[SourceVersionDate "1998.11.10"]
[SourceQuality "1"]

1. e4 g6 2. d4 Bg7 3. Nc3 d6 4. g3 Nc6 5. d5 Nd4 6. Nb1 c6 7. c3 Nb5 8. Bg2 cxd5 9. exd5 Nf6 10. Ne2 Nc7 11. O-O O-O 12. c4 Bd7 13. Nbc3 Qc8 14. Be3 Bh3 15. Qd2 Bxg2 16. Kxg2 Na6 17. b3 Nc5 18. Rac1 a5 19. Bxc5 Qxc5 20. Na4 Qa3 21. Nec3 Nd7 22. Nb5 Qb4 23. Qe3 Nc5 24. Nxc5 Qxc5 25. Qxe7 Rad8 26. Qxb7 f5 27. Qa7 Qb4 28. Qe3 a4 29. Qe1 Qc5 30. b4 Qb6 31. f4 Qb7 32. Qe6+ Kh8 33. Rfe1 Bb2 34. Rc2 Bf6 35. Nxd6 1-0

[Event "Olympiad"]
[Site "Buenos Aires ARG"]
[Date "1978.10.31"]
[Round "6"]
[White "Hebert, Jean"]
[Black "Hamann, Svend"]
[Result "0-1"]
[WhiteElo "2255"]
[BlackElo "2470"]
[PlyCount "122"]
[GameId "2129405213954711"]
[EventDate "1978.10.25"]
[EventType "team"]
[EventRounds "14"]
[EventCountry "ARG"]

1. e4 c5 2. Nf3 d6 3. d4 cxd4 4. Qxd4 Bd7 5. Bg5 Nc6 6. Qd2 h6 7. Bh4 g5 8. Bg3 Bg7 9. c3 Nf6 10. Bd3 Nh5 11. Na3 a5 12. O-O Nxg3 13. hxg3 Qb6 14. Nc4 Qc5 15. a4 Be6 16. Ne3 Bf6 17. Bb5 Kf8 18. Rad1 Na7 19. Be2 Nc8 20. Nd4 Nb6 21. b3 Rc8 22. Rc1 h5 23. b4 Qc7 24. f4 gxf4 25. gxf4 Nxa4 26. f5 Bd7 27. Nd5 Qd8 28. b5 Nc5 29. Qe3 Be8 30. Rf2 Bh4 31. g3 Bxg3 32. Rg2 h4 33. Rf1 Bd7 34. Rf3 Ke8 35. Qg5 a4 36. f6 e5 37. Qg7 Rf8 38. Rfxg3 hxg3 39. Bh5 Be6 40. Nxe6 Nxe6 41. Qxg3 Rc4 42. Qh3 Kd7 43. Rg7 Kc8 44. Bxf7 Kb8 45. Qxe6 a3 46. Rg2 Rxe4 47. Ra2 Rxf7 48. Qxf7 Qc8 49. Qc7+ Qxc7 50. Nxc7 Kxc7 51. f7 Rg4+ 52. Kf1 Rf4+ 53. Rf2 a2 54. Rxf4 a1=Q+ 55. Kg2 exf4 56. f8=Q Qb2+ 57. Kg1 Qc1+ 58. Kg2 Qd2+ 59. Kf3 Qxc3+ 60. Kxf4 Qe5+ 61. Kf3 Qxb5 0-1

[Event "World U20-ch15"]
[Site "Groningen"]
[Date "1976.12.23"]
[Round "3"]
[White "Hebert, Jean"]
[Black "Popovic, Petar"]
[Result "1/2-1/2"]
[WhiteElo "2255"]
[BlackElo "2405"]
[PlyCount "53"]
[GameId "1114897975009280"]
[EventDate "1976.12.21"]
[EventType "swiss"]
[EventRounds "13"]
[EventCountry "NED"]
[SourceTitle "EXT 2006"]
[Source "ChessBase"]
[SourceDate "2005.11.24"]
[SourceVersion "1"]
[SourceVersionDate "2005.11.24"]
[SourceQuality "1"]

1. Nf3 Nf6 2. g3 g6 3. Bg2 Bg7 4. d4 O-O 5. c4 d5 6. cxd5 Nxd5 7. O-O Nc6 8. e4 Nb6 9. d5 Na5 10. Nc3 c6 11. Ne1 cxd5 12. exd5 e6 13. Nc2 exd5 14. Nxd5 Nxd5 15. Bxd5 Bd7 16. Ne3 Rc8 17. Bd2 Bb5 18. Re1 Nc4 19. Qb3 Nxe3 20. Bxe3 Qa5 21. a4 Bc6 22. Bxc6 bxc6 23. Qc2 c5 24. Bd2 Qb6 25. Bc3 Bd4 26. Rad1 Rfd8 27. Rd2 1/2-1/2

[Event "World U20-ch15"]
[Site "Groningen"]
[Date "1977.01.01"]
[Round "10"]
[White "Ammann, Philipp"]
[Black "Hebert, Jean"]
[Result "1-0"]
[WhiteElo "2230"]
[BlackElo "2255"]
[PlyCount "103"]
[GameId "1114897975656448"]
[EventDate "1976.12.21"]
[EventType "swiss"]
[EventRounds "13"]
[EventCountry "NED"]
[SourceTitle "EXT 2006"]
[Source "ChessBase"]
[SourceDate "2005.11.24"]
[SourceVersion "1"]
[SourceVersionDate "2005.11.24"]
[SourceQuality "1"]

1. g3 Nf6 2. Bg2 d5 3. Nf3 c6 4. O-O Bg4 5. d3 Nbd7 6. Nbd2 e6 7. e4 Be7 8. Re1 dxe4 9. dxe4 Nc5 10. e5 Nd5 11. Nc4 O-O 12. h3 Bh5 13. Qe2 Qc7 14. Ne3 Rab8 15. Ng4 Bg6 16. a3 Qb6 17. b4 Nc3 18. Qc4 N5a4 19. Be3 c5 20. Nh4 Bxh4 21. gxh4 Rfc8 22. bxc5 Qb2 23. Qb4 h5 24. Nh2 Qxc2 25. Rac1 Na2 26. Rxc2 Nxb4 27. Rc4 Nd3 28. Ra1 Naxc5 29. a4 b6 30. Nf3 Be4 31. Rc3 g6 32. a5 b5 33. Nd2 Bxg2 34. Kxg2 b4 35. Rc4 a6 36. Rb1 Nb7 37. Rd4 Rd8 38. Nc4 Rxd4 39. Bxd4 Rc8 40. Nb6 Rd8 41. Be3 Nxa5 42. Bg5 Rb8 43. Nd7 Rc8 44. Rd1 Nc5 45. Nxc5 Rxc5 46. Rd8+ Kh7 47. f4 f6 48. Bxf6 g5 49. f5 exf5 50. Rd7+ Kg8 51. Rg7+ Kf8 52. e6 1-0